000
00291nam a22001217a 4500
003
OSt
005
20250703104255.0
008
250703b |||||||| |||| 00| 0 eng d
040
_c
DLC
082
_a
362.7
_b
NAT
245
_a
National Care Reform Strategy for Children in Kenya
942
_2
ddc
_c
BK
999
_c
4119
_d
4119